The greenhouse effect, climatic change and ecosystems
Αποθηκεύτηκε σε:
| Άλλοι συγγραφείς: | |
|---|---|
| Μορφή: | Βιβλίο |
| Γλώσσα: | English |
| Δημοσίευση: |
Chichester :
John Wiley and Sons,
1986
|
| Σειρά: | SCOPE report ;
; 29 |
| Θέματα: | |
| Ετικέτες: |
Προσθήκη ετικέτας
Δεν υπάρχουν, Καταχωρήστε ετικέτα πρώτοι!
|
MARC
| LEADER | 00000nam a2200000 i 4500 | ||
|---|---|---|---|
| 001 | 1/67235 | ||
| 008 | 931027s eng d | ||
| 020 | |a 0-471-92635-3 | ||
| 035 | |a ΛΕΣΒΟΣb10001862 |l 10001862 | ||
| 040 | |a GR-MY-UA |b gre |e aacr | ||
| 041 | 0 | |a eng | |
| 082 | 0 | |a 551.5 | |
| 245 | 1 | 4 | |a The greenhouse effect, climatic change and ecosystems / |c Edited by Bert Bolin...[et.al.] |
| 260 | |a Chichester : |b John Wiley and Sons, |c 1986 | ||
| 300 | |a 541 p. |b tables; fig. | ||
| 490 | 1 | |a SCOPE report |v ; 29 | |
| 504 | |a Includes bibliographical references and index | ||
| 650 | 0 | 0 | |a Greenhouse effect, Atmospheric. |
| 650 | 0 | 0 | |a Climatic changes. |
| 650 | 0 | 0 | |a Atmospheric carbon dioxide |x Environmental aspects. |
| 700 | 1 | |a Bolin, Bert |d 1925- |4 edt | |
| 830 | 0 | |a SCOPE report ; |v ; 29 | |
| 852 | |a INST |b LESVOS |e 19931027 |h 551.5 GRE |p 005100005742 |q 005100005742 |t BK |y 0 | ||
| 909 | |a Λ |b 026817 | ||